[Event "Titled Tuesday intern op 12th May"]
[Site "Chess.com INT"]
[Date "2020.05.12"]
[Round "9"]
[White "Kapriaga, Rian"]
[Black "Chos, Alexey"]
[Result "0-1"]
[WhiteElo "2220"]
[BlackElo "2296"]
[PlyCount "78"]
[EventDate "2020.05.12"]
[EventType "swiss (blitz)"]
[EventRounds "10"]
[EventCountry "USA"]
[SourceTitle "EXT 2021"]
[Source "ChessBase"]
[SourceDate "2020.10.23"]
[SourceVersion "1"]
[SourceVersionDate "2020.10.23"]
[SourceQuality "1"]

1. d4 Nf6 2. Nf3 c5 3. e3 e6 4. b3 d5 5. Bb2 Be7 6. Nbd2 cxd4 7. exd4 0-0 8. Bd3 Nc6 9. a3 a5 10. 0-0 b6 11. Re1 Ba6 12. c4 a4 13. b4 dxc4 14. Nxc4 Nd5 15. Rc1 Nf4 16. Bb1 Bb5 17. g3 Nd5 18. Nfe5 Nxe5 19. Nxe5 Rc8 20. Qh5 Nf6 21. Qg5 Qd5 22. h4 h6 23. Qe3 Bd6 24. f3 Rxc1 25. Rxc1 Nd7 26. g4 Nxe5 27. dxe5 Be7 28. g5 hxg5 29. hxg5 g6 30. Kf2 Rd8 31. Kg3 Qd2 32. Qxd2 Rxd2 33. Bc3 Re2 34. f4 Bc6 35. Bd4 Bd5 36. Bxb6 Rg2+ 37. Kh3 Rb2 38. Bd3 Rb3 39. Rc8+ Kg7 0-1

[Event "Titled Tuesday intern op 12th May"]
[Site "Chess.com INT"]
[Date "2020.05.12"]
[Round "4"]
[White "Musovic, Armin"]
[Black "Kapriaga, Rian"]
[Result "1-0"]
[WhiteElo "2219"]
[BlackElo "2222"]
[PlyCount "91"]
[EventDate "2020.05.12"]
[EventType "swiss (blitz)"]
[EventRounds "10"]
[EventCountry "USA"]
[SourceTitle "EXT 2021"]
[Source "ChessBase"]
[SourceDate "2020.10.23"]
[SourceVersion "1"]
[SourceVersionDate "2020.10.23"]
[SourceQuality "1"]

1. a3 d5 2. Nc3 c6 3. e4 dxe4 4. Nxe4 Bf5 5. Ng3 Bg6 6. d4 Nd7 7. f4 e6 8. Nf3 Ngf6 9. Bd3 Bd6 10. 0-0 Qc7 11. Ne5 c5 12. c3 cxd4 13. cxd4 Bxd3 14. Qxd3 0-0 15. Bd2 Rfd8 16. Kh1 Nxe5 17. fxe5 Bxe5 18. Bc3 Bxg3 19. hxg3 Rd5 20. Rf4 Rad8 21. Qf3 b6 22. Rf1 a5 23. g4 Qe7 24. Qh3 h6 25. R1f3 Rg5 26. Rxf6 gxf6 27. Qxh6 Rg6 28. Qh4 Qf8 29. Rh3 Qg7 30. d5 Rxd5 31. Qf2 Rh6 32. Kh2 Rxh3+ 33. gxh3 Qg5 34. Qxb6 Qf4+ 35. Kg2 Qe4+ 36. Kh2 Qf4+ 37. Kg2 Rd3 38. Qf2 Qxf2+ 39. Kxf2 Rxh3 40. Kg2 Rh6 41. Bxa5 Rg6 42. Kf3 Rg5 43. Bd8 Kg7 44. a4 Rd5 45. Be7 f5 46. g5 1-0

[Event "Titled Tuesday intern op 5th May"]
[Site "Chess.com INT"]
[Date "2020.05.05"]
[Round "6"]
[White "Kapriaga, Rian"]
[Black "Crevatin, Leo"]
[Result "1-0"]
[WhiteElo "2148"]
[BlackElo "2209"]
[PlyCount "58"]
[EventDate "2020.05.05"]
[EventType "swiss (blitz)"]
[EventRounds "10"]
[EventCountry "USA"]
[SourceTitle "EXT 2021"]
[Source "ChessBase"]
[SourceDate "2020.10.23"]
[SourceVersion "1"]
[SourceVersionDate "2020.10.23"]
[SourceQuality "1"]

1. d4 d5 2. Nf3 Bf5 3. Bf4 e6 4. e3 c5 5. c3 Nc6 6. Nbd2 Nf6 7. Be2 h6 8. Ne5 Bd6 9. g4 Bh7 10. h4 Qc7 11. g5 Nd7 12. gxh6 gxh6 13. Nxd7 Qxd7 14. Bxd6 Qxd6 15. Qa4 0-0-0 16. Qa3 cxd4 17. Qxd6 Rxd6 18. cxd4 Rdd8 19. Rc1 Kd7 20. a3 a6 21. b4 Bf5 22. f4 Rhg8 23. Kf2 Bg4 24. Bd3 f5 25. Rhg1 Bh5 26. Nb3 Rxg1 27. Rxg1 Bg4 28. Nc5+ Ke7 29. Nxb7 a5 1-0

[Event "Titled Tuesday intern op 5th May"]
[Site "Chess.com INT"]
[Date "2020.05.05"]
[Round "3"]
[White "Kapriaga, Rian"]
[Black "Kuznetsov, Mikhail V"]
[Result "0-1"]
[WhiteElo "2137"]
[BlackElo "2234"]
[PlyCount "212"]
[EventDate "2020.05.05"]
[EventType "swiss (blitz)"]
[EventRounds "10"]
[EventCountry "USA"]
[SourceTitle "EXT 2021"]
[Source "ChessBase"]
[SourceDate "2020.10.23"]
[SourceVersion "1"]
[SourceVersionDate "2020.10.23"]
[SourceQuality "1"]

1. d4 Nf6 2. Nf3 e6 3. Bf4 b6 4. e3 Bb7 5. Be2 d6 6. Nc3 Be7 7. 0-0 0-0 8. Bc4 a6 9. a4 c5 10. d5 e5 11. Bg3 Nh5 12. Nd2 Nxg3 13. hxg3 Nd7 14. e4 Nf6 15. Be2 g6 16. Nc4 b5 17. axb5 axb5 18. Rxa8 Qxa8 19. Nxb5 Nxe4 20. Bf3 Qa4 21. Nba3 Nf6 22. Ne3 Qa8 23. c4 Ba6 24. b3 Rb8 25. Nb1 Bc8 26. Nd2 Qa2 27. Qc2 Ra8 28. Rc1 Bd8 29. Ne4 Qxc2 30. Rxc2 Nxe4 31. Bxe4 f5 32. Bf3 Ra1+ 33. Bd1 Bf6 34. Rd2 e4 35. Nf1 Bc3 36. Rc2 Bd4 37. Be2 Ra3 38. Kh2 Rxb3 39. Ra2 Rb2 40. Rxb2 Bxb2 41. Ne3 Bd4 42. Kg1 Bxe3 43. fxe3 Kg7 44. Kf1 Kf6 45. Bd1 Ke5 46. Bb3 Ba6 47. Ke2 g5 48. Kd2 f4 49. gxf4+ gxf4 50. Ba2 f3 51. gxf3 exf3 52. Ke1 Kf5 53. Kf2 Kg4 54. e4 h5 55. e5 dxe5 56. d6 Bc8 57. Bb1 Bd7 58. Be4 Kf4 59. Bxf3 h4 60. Bd5 e4 61. Ke2 h3 62. Kf2 e3+ 63. Ke2 h2 64. Bh1 Be6 65. Kd3 Bd7 66. Ke2 Bg4+ 67. Kd3 Bf3 68. d7 Bxh1 69. d8Q Be4+ 70. Kc3 h1Q 71. Qf6+ Kg3 72. Qg5+ Kf2 73. Qf4+ Qf3 74. Qh4+ Ke2 75. Qh2+ Qf2 76. Qh5+ Bf3 77. Qxc5 Ke1 78. Kb3 Qd2 79. Qf5 Qd1+ 80. Kb4 e2 81. Qxf3 Qd2+ 82. Kb5 Kd1 83. c5 Kc1 84. Qa3+ Qb2+ 85. Qxb2+ Kxb2 86. c6 e1Q 87. Kb6 Qe3+ 88. Kb7 Qb3+ 89. Ka7 Qa4+ 90. Kb7 Qb5+ 91. Kc7 Kc3 92. Kd6 Qb6 93. Kd7 Qd4+ 94. Kc8 Qh8+ 95. Kb7 Qh1 96. Kb6 Qb1+ 97. Ka7 Qa2+ 98. Kb8 Qb3+ 99. Kc8 Kc4 100. c7 Kb5 101. Kd8 Qd5+ 102. Ke7 Qc5+ 103. Kd8 Qd6+ 104. Kc8 Kb6 105. Kb8 Qxc7+ 106. Ka8 Qa7# 0-1

[Event "Titled Tuesday intern op 5th May"]
[Site "Chess.com INT"]
[Date "2020.05.05"]
[Round "5"]
[White "Vidruska, Renate"]
[Black "Kapriaga, Rian"]
[Result "0-1"]
[WhiteElo "2045"]
[BlackElo "2137"]
[PlyCount "106"]
[EventDate "2020.05.05"]
[EventType "swiss (blitz)"]
[EventRounds "10"]
[EventCountry "USA"]
[SourceTitle "EXT 2021"]
[Source "ChessBase"]
[SourceDate "2020.10.23"]
[SourceVersion "1"]
[SourceVersionDate "2020.10.23"]
[SourceQuality "1"]

1. e4 e5 2. Nf3 Nc6 3. Nc3 Nf6 4. Bb5 Bb4 5. 0-0 0-0 6. Bxc6 bxc6 7. Nxe5 Bxc3 8. dxc3 Nxe4 9. Ng4 d5 10. c4 Bxg4 11. Qxg4 f5 12. Qf4 Qd6 13. f3 Nc5 14. Qxd6 cxd6 15. Bf4 Rad8 16. cxd5 cxd5 17. Rad1 Ne6 18. Bg3 d4 19. Bf2 Rc8 20. Rd2 Rc7 21. Re1 Rf6 22. Rde2 Kf7 23. Rd1 h6 24. g3 Rg6 25. Kf1 f4 26. g4 Ng5 27. Rd3 Re6 28. Red2 Re3 29. Bxe3 dxe3 30. Re2 Nxf3 31. Rxd6 Ne5 32. c3 Nxg4 33. Kg2 Ne5 34. Re1 Rb7 35. b3 Re7 36. Rd4 g5 37. h4 Kf6 38. Rd6+ Kf5 39. Rd8 g4 40. Rf8+ Ke4 41. Rf1 f3+ 42. Kg3 e2 43. Re1 Ke3 44. h5 Nd3 45. Rh1 e1Q+ 46. Rxe1+ Nxe1 47. Kxg4 f2 48. Kg3 Nd3 49. Rf3+ Ke2 50. Kg2 Rg7+ 51. Kh2 Kxf3 52. Kh3 f1Q+ 53. Kh4 Qh1# 0-1

[Event "Titled Tuesday intern op 28th Apr"]
[Site "Chess.com INT"]
[Date "2020.04.28"]
[Round "1"]
[White "Gurvich, Vitaly"]
[Black "Kapriaga, Rian"]
[Result "1-0"]
[WhiteElo "2230"]
[BlackElo "2185"]
[PlyCount "61"]
[EventDate "2020.04.28"]
[EventType "swiss (blitz)"]
[EventRounds "10"]
[EventCountry "USA"]
[SourceTitle "EXT 2021"]
[Source "ChessBase"]
[SourceDate "2020.10.23"]
[SourceVersion "1"]
[SourceVersionDate "2020.10.23"]
[SourceQuality "1"]

1. e4 e5 2. Nf3 Nc6 3. Bb5 a6 4. Bxc6 dxc6 5. 0-0 Bg4 6. d3 Ne7 7. h3 h5 8. Be3 Ng6 9. Nbd2 Qf6 10. c3 Bd6 11. d4 Bxf3 12. Nxf3 Nf4 13. Bxf4 exf4 14. e5 Qf5 15. exd6 0-0-0 16. Re1 cxd6 17. Qe2 g5 18. Qe4 Qd7 19. Nxg5 Rdg8 20. Qxf4 Rg6 21. h4 f6 22. Ne6 Rhg8 23. g3 Kb8 24. d5 cxd5 25. Rad1 Rg4 26. Qxf6 Ka7 27. Rxd5 Qc6 28. Rg5 R8xg5 29. hxg5 h4 30. Nd4 Qd5 31. Qf5 1-0

[Event "Titled Tuesday intern op 28th Apr"]
[Site "Chess.com INT"]
[Date "2020.04.28"]
[Round "7"]
[White "Ivanovitch, Nicholas Michael"]
[Black "Kapriaga, Rian"]
[Result "0-1"]
[WhiteElo "2201"]
[BlackElo "2207"]
[PlyCount "130"]
[EventDate "2020.04.28"]
[EventType "swiss (blitz)"]
[EventRounds "10"]
[EventCountry "USA"]
[SourceTitle "EXT 2021"]
[Source "ChessBase"]
[SourceDate "2020.10.23"]
[SourceVersion "1"]
[SourceVersionDate "2020.10.23"]
[SourceQuality "1"]

1. d4 Nf6 2. c4 e6 3. Nf3 Bb4+ 4. Bd2 a5 5. g3 b6 6. Bg2 Bb7 7. 0-0 0-0 8. Bf4 d5 9. Nbd2 Nbd7 10. Rc1 c6 11. a3 Be7 12. Ne5 Rc8 13. Nxd7 Nxd7 14. e4 dxc4 15. Nxc4 c5 16. Nd6 Bxd6 17. Bxd6 Re8 18. Bf4 cxd4 19. Qd2 Rxc1 20. Rxc1 Nc5 21. Qe2 e5 22. Bd2 a4 23. Bb4 Ba6 24. Qd1 Nd3 25. Ra1 Nxb2 26. Qc2 Nd3 27. Qxa4 Nxb4 28. axb4 Bc4 29. Qc2 b5 30. Qd2 h6 31. Rc1 Qe7 32. Ra1 Rc8 33. Bh3 Rd8 34. Ra3 Qg5 35. f4 exf4 36. Qxf4 Qe7 37. Bf5 d3 38. Qd2 Qe5 39. Ra6 Qd4+ 40. Kh1 Be6 41. Rxe6 fxe6 42. Bxe6+ Kh8 43. Bf5 Qc4 44. e5 Qd5+ 45. Kg1 Qxe5 46. g4 Qe2 47. Qxe2 dxe2 48. Kf2 Rd4 49. Kxe2 Rxb4 50. Kd3 Rb2 51. h4 Rb4 52. Be4 Rc4 53. g5 hxg5 54. hxg5 Rc5 55. g6 Kg8 56. Kd4 Rc4+ 57. Kd3 Kf8 58. Bd5 Rc5 59. Kd4 Rxd5+ 60. Kxd5 Ke7 61. Ke5 b4 62. Kd4 Kf6 63. Kc4 Kxg6 64. Kxb4 Kf5 65. Kc4 Ke4 0-1